In the name of identity : violence and the need to belong (Record no. 213025)

MARC details
000 -LEADER
fixed length control field 00647nam a2200205Ia 4500
008 - FIXED-LENGTH DATA ELEMENTS--GENERAL INFORMATION
fixed length control field 191130s2001##################000#0#eng##
020 ## - INTERNATIONAL STANDARD BOOK NUMBER
ISBN 1559705930
082 ## - DEWEY DECIMAL CLASSIFICATION NUMBER
Classification number 302.4 MAA
100 ## - MAIN ENTRY--AUTHOR NAME
Personal name Maalouf, Amin
245 ## - TITLE STATEMENT
Title In the name of identity : violence and the need to belong
Statement of responsibility, etc Amin Maalouf ; translated from the French by Barbara Bray
250 ## - EDITION STATEMENT
Edition statement 1st North American ed
260 ## - PUBLICATION, DISTRIBUTION, ETC. (IMPRINT)
Place of publication New York
Name of publisher Arcade ; Distributed by Time Warner Trade
Year of publication 2001
300 ## - PHYSICAL DESCRIPTION
Number of Pages 164 p. ; 22 cm
650 ## - SUBJECT ADDED ENTRY--TOPICAL TERM
Topical Term Group identity
991 ## -
-- 232041
Holdings
Withdrawn status Lost status Damaged status Not for loan Home library Current library Date acquired Full call number Accession Number Price effective from Koha item type
        Anna Centenary Library Anna Centenary Library 13.10.2020 302.4 MAA 497928 13.10.2020 English Books

Find us on the map